The Boxcar children / (Record no. 31297)

MARC details
000 -LEADER
fixed length control field 02913cam a2200613 i 4500
001 - CONTROL NUMBER
control field in900035685
003 - CONTROL NUMBER IDENTIFIER
control field OSt
005 - DATE AND TIME OF LATEST TRANSACTION
control field 20251205005449.0
007 - PHYSICAL DESCRIPTION FIXED FIELD--GENERAL INFORMATION
fixed length control field t|
008 - FIXED-LENGTH DATA ELEMENTS--GENERAL INFORMATION
fixed length control field 990916t19421942ilua c 000 1 eng d
010 ## - LIBRARY OF CONGRESS CONTROL NUMBER
Canceled/invalid LC control number 42001418
020 ## - INTERNATIONAL STANDARD BOOK NUMBER
International Standard Book Number 9780807508510
Qualifying information library binding
020 ## - INTERNATIONAL STANDARD BOOK NUMBER
International Standard Book Number 0807508519
Qualifying information library binding
020 ## - INTERNATIONAL STANDARD BOOK NUMBER
International Standard Book Number 9780807508527
Qualifying information paperback
020 ## - INTERNATIONAL STANDARD BOOK NUMBER
International Standard Book Number 0807508527
Qualifying information paperback
020 ## - INTERNATIONAL STANDARD BOOK NUMBER
International Standard Book Number 9780606041768
Qualifying information Turtleback
020 ## - INTERNATIONAL STANDARD BOOK NUMBER
International Standard Book Number 0606041761
Qualifying information Turtleback
020 ## - INTERNATIONAL STANDARD BOOK NUMBER
International Standard Book Number 9780833529381
Qualifying information Topeka
020 ## - INTERNATIONAL STANDARD BOOK NUMBER
International Standard Book Number 0833529382
Qualifying information Topeka
020 ## - INTERNATIONAL STANDARD BOOK NUMBER
International Standard Book Number 9780812481532
Qualifying information PFNL
020 ## - INTERNATIONAL STANDARD BOOK NUMBER
International Standard Book Number 0812481534
Qualifying information PFNL
035 ## - SYSTEM CONTROL NUMBER
System control number 134283
040 ## - CATALOGING SOURCE
Original cataloging agency TnLvILS
Transcribing agency TnLvILS
Modifying agency TnLvILS
-- UtOrBLW
Language of cataloging eng
Description conventions rda
100 1# - MAIN ENTRY--PERSONAL NAME
Personal name Warner, Gertrude Chandler,
Dates associated with a name 1890-1979.
Authority record control number n 50028311
-- http://id.loc.gov/authorities/names/n50028311,
Relator term author.
Relator code aut.
245 14 - TITLE STATEMENT
Title The Boxcar children /
Statement of responsibility, etc. by Gertrude Chandler Warner ; illustrated by L. Kate Deal.
264 #1 - PRODUCTION, PUBLICATION, DISTRIBUTION, MANUFACTURE, AND COPYRIGHT NOTICE
Place of production, publication, distribution, manufacture Morton Grove, Illinois :
Name of producer, publisher, distributor, manufacturer Albert Whitman,
Date of production, publication, distribution, manufacture, or copyright notice [1942]
264 #4 - PRODUCTION, PUBLICATION, DISTRIBUTION, MANUFACTURE, AND COPYRIGHT NOTICE
Date of production, publication, distribution, manufacture, or copyright notice ℗♭1942.
300 ## - PHYSICAL DESCRIPTION
Extent 154 pages :
Other physical details illustrations ;
Dimensions 21 cm.
336 ## - CONTENT TYPE
Content type term text
Source rdacontent
Content type code txt.
337 ## - MEDIA TYPE
Media type term unmediated
Source rdamedia
Media type code n.
338 ## - CARRIER TYPE
Carrier type term volume
Source rdacarrier
Carrier type code nc.
490 1# - SERIES STATEMENT
Series statement The Boxcar children mysteries.
500 ## - GENERAL NOTE
General note "A Boxcar children mystery"--Spine.
520 ## - SUMMARY, ETC.
Summary, etc. Four orphans take shelter in an old boxcar during a storm, and, determined to make it their own, they turn it into a safe, cozy home.
521 8# - TARGET AUDIENCE NOTE
Target audience note 450
Source Lexile.
526 0# - STUDY PROGRAM INFORMATION NOTE
Program name Accelerated Reader
Interest level LG
Reading level 3.9
Title point value 2.0
Public note 5301.
650 #0 - SUBJECT ADDED ENTRY--TOPICAL TERM
Topical term or geographic name as entry element Boxcar children (Fictitious characters)
Authority record control number sh2009117493
-- http://id.loc.gov/authorities/subjects/sh2009117493
Form subdivision Juvenile fiction.
650 #0 - SUBJECT ADDED ENTRY--TOPICAL TERM
Topical term or geographic name as entry element Orphans
Authority record control number sh2008108726
-- http://id.loc.gov/authorities/subjects/sh2008108726
Form subdivision Juvenile fiction.
650 #0 - SUBJECT ADDED ENTRY--TOPICAL TERM
Topical term or geographic name as entry element Families
Authority record control number sh2008103523
-- http://id.loc.gov/authorities/subjects/sh2008103523
Form subdivision Juvenile fiction.
650 #0 - SUBJECT ADDED ENTRY--TOPICAL TERM
Topical term or geographic name as entry element Detective and mystery stories
Authority record control number sh2009123893
-- http://id.loc.gov/authorities/subjects/sh2009123893.
650 #0 - SUBJECT ADDED ENTRY--TOPICAL TERM
Topical term or geographic name as entry element Boxcar children (Fictitious characters)
Form subdivision Fiction.
650 #0 - SUBJECT ADDED ENTRY--TOPICAL TERM
Topical term or geographic name as entry element Brothers and sisters
Form subdivision Fiction.
650 #0 - SUBJECT ADDED ENTRY--TOPICAL TERM
Topical term or geographic name as entry element Orphans
Form subdivision Fiction.
650 #0 - SUBJECT ADDED ENTRY--TOPICAL TERM
Topical term or geographic name as entry element Families
Authority record control number sh2008103523
-- http://id.loc.gov/authorities/subjects/sh2008103523
Form subdivision Fiction.
650 #1 - SUBJECT ADDED ENTRY--TOPICAL TERM
Topical term or geographic name as entry element Boxcar children (Fictitious characters)
Form subdivision Fiction.
650 #1 - SUBJECT ADDED ENTRY--TOPICAL TERM
Topical term or geographic name as entry element Brothers and sisters
Form subdivision Fiction.
650 #1 - SUBJECT ADDED ENTRY--TOPICAL TERM
Topical term or geographic name as entry element Orphans
Form subdivision Fiction.
650 #1 - SUBJECT ADDED ENTRY--TOPICAL TERM
Topical term or geographic name as entry element Mystery and detective stories
Authority record control number sh2009123893
-- http://id.loc.gov/authorities/subjects/sh2009123893.
650 #1 - SUBJECT ADDED ENTRY--TOPICAL TERM
Topical term or geographic name as entry element Families
Authority record control number sh2008103523
-- http://id.loc.gov/authorities/subjects/sh2008103523
Form subdivision Fiction.
700 1# - ADDED ENTRY--PERSONAL NAME
Personal name Deal, L. Kate,
Relator term illustrator.
Authority record control number n 92044068
-- http://id.loc.gov/authorities/names/n92044068.
800 1# - SERIES ADDED ENTRY--PERSONAL NAME
Personal name Warner, Gertrude Chandler,
Dates associated with a name 1890-1979.
Title of a work Boxcar children mysteries ;
Volume/sequential designation #1.
Authority record control number n 84749589
-- http://id.loc.gov/authorities/names/n84749589.
907 ## - LOCAL DATA ELEMENT G, LDG (RLIN)
a .b284266000
942 ## - ADDED ENTRY ELEMENTS (KOHA)
Koha item type Libro/Book
Holdings
Withdrawn status Lost status Damaged status Not for loan Home library Current library Date acquired Total Checkouts Full call number Barcode Date last seen Price effective from Koha item type
        San Juan Del Sur -- Biblioteca San Juan Del Sur -- Biblioteca 05/12/2025   JF 30023535 05/12/2025 05/12/2025 Libro/Book

Powered by Koha